000 00783nam a22002297a 4500
999 _c14216
_d14216
003 AR-CdUCM
008 190405b ||||| |||| 00| 0 spa d
040 _aMUNICIPALIDAD PROVINCIAL DEL CUSCO
_cBIBLIOTECA MUNICIPAL DEL CUSCO
082 _a985.003 /
_bP17
100 _aPaitan Moisés León
_929568
245 _aCartas a Túpac Amaru /
260 _aLima :
_bEdiciones Nuevo Perú,
_c1970.
300 _a41 páginas ;
_c16 cm.
500 _aDedicatoria a Luis Nieto Donación de la familia Nieto
505 _aContenido: El proceso de la revolución de Túpac Amaru -- Cartas.
650 _aHistoria del Perú
_9259
650 _aTúpac Amaru
_9623
650 _aVirreinato
_96280
650 _aTungasuca - Cusco
_929569
942 _2ddc
_cLIBROS
945 _apjha
_d2019-04-22